000 00280nam a22001337a 4500
008 170301b xxu||||| |||| 00| 0 eng d
020 _a094423545X
041 _aeng
080 _a616.8-006
100 _a6
101 _aSHM
245 _aCAREGIVING
_cHOUTS, P.S
942 _2udc
_cBK
999 _c6476
_d6476